|
|
|
|
| LEADER |
00000cam a2200000 a 4500 |
| 001 |
vtls008332035 |
| 003 |
SK-MaSNL |
| 005 |
20260311141455.0 |
| 008 |
251001s1958 xo ab j p 000 0 slo |
| 015 |
|
|
|a SNBA1958/04-00556
|
| 035 |
|
|
|a SK01SNK19580024252
|
| 035 |
|
|
|a urn:nbn:sk:snk-am3hzz9
|
| 035 |
|
|
|a C0268870-3484-4697-9BF2-678358652A57
|
| 035 |
|
|
|a urn:nbn:sk:snk-am00dezq
|
| 035 |
|
|
|a SKM000026715
|
| 040 |
|
|
|a SNK
|b slo
|c SNK
|e AACR2
|
| 041 |
1 |
|
|a slo
|h cze
|
| 043 |
|
|
|a e-ur---
|a e-cs---
|
| 044 |
|
|
|a xo
|c SK
|
| 080 |
|
|
|a 911.3:33(47)(075.3)
|2 1981
|
| 080 |
|
|
|a 911.3:33(437)(075.3)
|2 1981
|
| 100 |
1 |
|
|a Blažek, Miroslav,
|d 1916-1983
|4 aut
|9 131295
|
| 245 |
1 |
0 |
|a Hospodársky zemepis Sovietskeho sväzu a Československa
|b pre jedenásty ročník všeobecnovzdelávacích škôl, pre pedagogické školy a pre hospodárske školy
|c Miroslav Blažek - Ctibor Votrubec ; prel. Anton Šima - časť SSSR, Alžbeta Mrázová - časť ČSR
|
| 246 |
3 |
|
|a Pre 11. ročník všeobecnovzdelávacích škôl, pre pedagogické školy a pre hospodárske školy
|
| 250 |
|
|
|a 4. vyd.
|
| 260 |
|
|
|a Bratislava
|b Slovenské pedagogické nakladateľstvo
|c 1958
|e Komárno
|f Nitrianske tlačiarne
|
| 300 |
|
|
|a 206, [3] s.
|b ilustrácie, mapy
|c 8°
|
| 366 |
|
|
|e 12100 kusov
|
| 650 |
0 |
7 |
|a ekonomická geografia
|2 SNKPH
|9 841
|
| 651 |
|
7 |
|a Československo
|2 SNKPHgeo
|9 21376
|
| 651 |
|
7 |
|a Sovietsky zväz
|2 SNKPHgeo
|9 22126
|
| 655 |
|
7 |
|a učebnice
|2 SNKPH
|9 22521
|
| 700 |
1 |
|
|a Votrubec, Ctibor,
|d 1925-1997
|4 aut
|9 156213
|
| 700 |
1 |
|
|a Šíma, Anton,
|d 1908-1976
|4 trl
|9 37988
|
| 700 |
1 |
|
|a Mrázová, Alžbeta
|4 trl
|9 309740
|
| 852 |
|
|
|a Slovenská národná knižnica
|
| 958 |
|
|
|a EUIPO
|
| 958 |
|
|
|a TL
|
| 958 |
|
|
|a UC
|
| 958 |
|
|
|a OP
|
| 958 |
|
|
|a CZ
|
| 958 |
|
|
|a RK
|
| 958 |
|
|
|a OND
|
| 999 |
|
|
|c 993201
|d 995131
|
| 952 |
|
|
|a SNK
|b SNK
|y PREZ
|7 0
|p 17A0831521
|o snkSC 11424
|i snkKSP 1252/58
|0 0
|1 0
|4 0
|d 2019-11-13
|f 1
|l 0
|r 2025-07-11 00:00:00
|w 2026-02-24
|